000 01123cam a22002771 4500
001 4553
003 BD-RjUL
005 20211208233919.0
008 131223s1963 xx 001 0 eng
035 _a(BD-RjUL)4588
035 _a(OCoLC)225745
040 _aDLC
_cOClU
_dUk
_dOCoLC
_dDLC
_dBD-RjUL
_beng
041 _aeng
082 _a338.72
_bMIW 1963
100 1 _aMiller, Harry,
_914378
245 1 4 _aThe way of enterprise :
_ba study of the origins, problems and achievements in the growth of post-war British firms /
_cHarry Miller
260 _aLondon :
_bPublished for the Institute of Economic Affairs by A. Deutsch,
_cc1963.
300 _axii, 274p. ;
_c21 cm.
504 _aBibliography: p. 267-268. and index.
650 0 _aIndustries
_zGreat Britain
_xHistory
_y20th century.
_912512
651 0 _aGreat Britain
_xEconomic conditions
_y1945-1964.
_95855
856 _uhttp://www.worldcat.org/title/way-of-enterprise-a-study-of-the-origins-problems-and-achievements-in-the-growth-of-post-war-british-firms/oclc/225745&referer=brief_results
942 _2ddc
_cBK
999 _c4553
_d4553